|
|
|
|
| LEADER |
00675nam a2200169Ia 4500 |
| 001 |
TDMU_25366 |
| 008 |
210410s9999 xx 000 0 und d |
| 082 |
|
|
|a 320.6
|
| 100 |
|
|
|a Thu Thảo
|
| 245 |
|
0 |
|a Những điểm nhấn qua các kỳ đại hội
|
| 245 |
|
0 |
|c Thu Thảo
|
| 245 |
|
0 |
|n Bài 6
|
| 245 |
|
0 |
|p “Tự phê bình và phê bình†- sinh khí mới, tư duy mới
|
| 300 |
|
|
|a 4tr
|
| 650 |
|
|
|a Chính trị xã hội; Phê bình; Sông Bé; Tự phê bình; Tư duy
|
| 856 |
|
|
|u http://lrc.tdmu.edu.vn/opac/search/detail.asp?aID=2&ID=25366
|
| 980 |
|
|
|a Trung tâm Học liệu Trường Đại học Thủ Dầu Một
|